书目信息 |
| 题名: |
社区商业设计常用规范一本通
|
|
| 作者: | 邓克凡 主编 | |
| 分册: | ||
| 出版信息: | 成都 电子科技大学出版社 2019.05 |
|
| 页数: | 273页 | |
| 开本: | 24cm | |
| 丛书名: | 建识系列 | |
| 单 册: | ||
| 中图分类: | TU247 | |
| 科图分类: | ||
| 主题词: | 社区--she qu--商业建筑--建筑设计 | |
| 电子资源: | ||
| ISBN: | 978-7-5647-7213-0 | |
| 000 | 00996nam 2200253 450 | |
| 001 | 2132802564 | |
| 005 | 20191226111943.3 | |
| 010 | @a978-7-5647-7213-0@dCNY188.00 | |
| 100 | @a20191226d2019 em y0chiy0120 ea | |
| 101 | 0 | @achi |
| 102 | @aCN@b510000 | |
| 105 | @aak z 000yy | |
| 106 | @ar | |
| 200 | 1 | @a社区商业设计常用规范一本通@Ashe qu shang ye she ji chang yong gui fan yi ben tong@f邓克凡主编 |
| 210 | @a成都@c电子科技大学出版社@d2019.05 | |
| 215 | @a273页@c彩图@d24cm | |
| 225 | 2 | @a建识系列@Ajian shi xi lie@h2@i住宅·商业 |
| 330 | @a本书根据常见的住宅建筑设计业技术规范的使用现状, 作者把种类繁多的建筑设计规范按照实际工作成果, 分门别类地把相关的规范条款组织起来并做大量的实践案例附图、技术运用的解读, 本册主要介绍“社区商业”部分的常用规范。 | |
| 410 | 0 | @12001 @a建识系列@h2@i住宅·商业 |
| 606 | 0 | @a社区@Ashe qu@x商业建筑@x建筑设计 |
| 690 | @aTU247@v5 | |
| 701 | 0 | @a邓克凡@Adeng ke fan@4主编 |
| 801 | 0 | @aCN@b人天书店@c20191226 |
| 905 | @aTSG@b0000074@dTU247@eD291:2@f1 | |
| 社区商业设计常用规范一本通/邓克凡主编.-成都:电子科技大学出版社,2019.05 |
| 273页:彩图;24cm.-(建识系列.2.住宅·商业) |
| ISBN 978-7-5647-7213-0:CNY188.00 |
| 本书根据常见的住宅建筑设计业技术规范的使用现状, 作者把种类繁多的建筑设计规范按照实际工作成果, 分门别类地把相关的规范条款组织起来并做大量的实践案例附图、技术运用的解读, 本册主要介绍“社区商业”部分的常用规范。 |
| ● |
| 相关链接 |
|
|
|
正题名:社区商业设计常用规范一本通
索取号:TU247/D291:2
 
预约/预借
| 序号 | 登录号 | 条形码 | 馆藏地/架位号 | 状态 | 备注 |
| 1 | 1535002 | 215350028 | 建筑库101/101建筑库 105排3列5层/ [索取号:TU247/D291:2] | 在馆 |